000 00638nam a2200205 a 4500
001 BRL_1759
005 20190320211345.0
008 280715s1970----mx-ao#####---#000-0#spa-#
041 _aspa
044 _amx
050 4 _aF1221.H8
_b.M38 1970
100 1 _aMata Torres, Ramón
_924884
245 1 0 _aLos huicholes
_binventario del patrimonio artístico y monumental de Jalisco
_cRamón Mata Torres.
260 _aGuadalajara, Jal.
_bCasa de la Cultura Jaliscience
_c1970
300 _a86 p., 20 fotografías
_bil.
_c22 cm.
500 _aAu2013
650 1 4 _aHuicholes
_xVida social y costumbres
_924882
902 _aGRL
942 _2lcc
_cB
999 _c10567
_d10567